| 000 | 01605nam a22002777a 4500 | ||
|---|---|---|---|
| 005 | 20080828110614.0 | ||
| 008 | 080828t xxu||||| |||| 00| 0 hin d | ||
| 010 | _aHIN-84106 | ||
| 020 |
_a817063413x _c70.00 |
||
| 035 | _aHN-56452 | ||
| 037 | _aDBAD / PUB | ||
| 040 |
_aDPL _bHN |
||
| 082 | _a507.8 | ||
| 100 | _aजैकब, ए. | ||
| 245 |
_aप्रयोगात्मक कौशल विज्ञानःदसवीं कक्षा के लिए / _cए. जैकब एवं मुकेश जैन |
||
| 246 |
_aPrayogaatmaka kaushala vigyan : dasavin kaksha ke liye _bby A. Jakob and Mukesh Jain |
||
| 260 |
_aनई दिल्ली _bआर्य बुक डिपो _c2006 |
||
| 270 |
_a30 नाईवाला, करोल बाग _bनई दिल्ली _dदिल्ली _e110005 _k011 25721221, 25720363 _l011 25746324 |
||
| 300 |
_a132पृ _c25सेमी (अजिल्द) |
||
| 500 | _a(केंद्रीय माध्यमिक शिक्षा बोर्ड, नई दिल्ली द्वारा निर्धारित नवीनतम पाठयक्रमानुसार) | ||
| 650 |
_aविज्ञान _xअध्ययन एवं अध्यापन |
||
| 650 |
_aScience _xStudy and teaching |
||
| 700 | _aजैन, मुकेश | ||
| 942 |
_2ddc _cHN _mजैकब _h507.8 |
||
| 999 |
_c15171 _d15171 |
||